Special report: business and science parks (Record no. 118017)

MARC details
000 -LEADER
fixed length control field 01037cam a2200229 4500
001 - CONTROL NUMBER
control field ABS68206
008 - FIXED-LENGTH DATA ELEMENTS--GENERAL INFORMATION
fixed length control field 040917n2004 000 0 eng u
035 ## - SYSTEM CONTROL NUMBER
System control number (Sirsi) u127451
245 ## - TITLE STATEMENT
Title Special report: business and science parks
260 ## - PUBLICATION, DISTRIBUTION, ETC.
Date of publication, distribution, etc. 2004
490 ## - SERIES STATEMENT
Series statement Property Week
Volume/sequential designation 69(35) 27 August 2004, 41-50(6)
520 ## - SUMMARY, ETC.
Summary, etc. The first article "Testing times" reports how animal rights activists have cost the UK £1bn in lost investment. Highlights the problems that activists are making for MEPC's Granta Park. "The only way is up" reports on the annual IPD/Strutt and Parker Business Index 2003 report which shows how low the UK business park sector fell last year. The indications from the first half of 2004 suggest that the outlook for business parks is improving.
590 ## - LOCAL NOTE (RLIN)
Local note ABS
590 ## - LOCAL NOTE (RLIN)
Local note ABS
650 ## - SUBJECT ADDED ENTRY--TOPICAL TERM
Topical term or geographic name entry element BUSINESS PARKS
650 ## - SUBJECT ADDED ENTRY--TOPICAL TERM
Topical term or geographic name entry element SCIENCE PARKS
650 ## - SUBJECT ADDED ENTRY--TOPICAL TERM
Topical term or geographic name entry element ANIMAL RIGHTS ACTIVISTS
650 ## - SUBJECT ADDED ENTRY--TOPICAL TERM
Topical term or geographic name entry element RESEARCH REPORTS
650 ## - SUBJECT ADDED ENTRY--TOPICAL TERM
Topical term or geographic name entry element BUSINESS PARK INDEX
690 ## - LOCAL SUBJECT ADDED ENTRY--TOPICAL TERM (OCLC, RLIN)
Topical term or geographic name as entry element COMMERCIAL PROPERTY
9 (RLIN) 6227
942 ## - ADDED ENTRY ELEMENTS (KOHA)
Suppress in OPAC 0
Holdings
Withdrawn status Lost status Source of classification or shelving scheme Damaged status Not for loan Home library Current library Shelving location Date acquired Total Checkouts Full call number Barcode Date last seen Copy number Price effective from Koha item type
    Dewey Decimal Classification     London London Journal article 17/09/2004   ABS68206 127451-1001 06/08/2019 1 06/08/2019 Journal article